Monster Hunter - All Monsters and Wildlife - Statistiques

Statistiques générales
  • Ce quiz a été pris 160 fois
  • Le résultat moyen est 98 sur 392
Statistiques - réponses
Par images Réponse % Correct
Diablos
93%
Rathian
93%
Tigrex
86%
Rathalos
80%
Barroth
75%
Blango
75%
Blangonga
74%
Glavenus
71%
Jaggi
68%
Khezu
68%
Barioth
67%
Gore Magala
67%
Kirin
67%
Zinogre
67%
Deviljho
65%
Ludroth
65%
Fatalis
64%
Shagaru Magala
64%
Diablos noire
62%
Nergigante
62%
Behemoth
61%
Lagiacrus
60%
Teostra
60%
Anjanath
59%
Basarios
59%
Kushala Daora
59%
Lagombi
59%
Monoblos
59%
Mizutsune
58%
Rathian sakura
58%
Alatreon
56%
Dalamadur
56%
Legiana
56%
Ludroth royal
56%
Nargacuga
56%
Yian Garuga
56%
Jaggia
55%
Plesioth
55%
Rathalos azur
55%
Valstrax
55%
Uragaan
54%
Grand Jaggi
53%
Chameleos
52%
Glavenus acide
52%
Quematrice
52%
Rathian d'or
52%
Safi'jiiva
52%
Brachydios
51%
Conga
51%
Gravios
51%
Malfestio
51%
Odogaron
51%
Rajang
51%
Tigrex Berserk
51%
Congalala
49%
Gammoth
49%
Hermitaur
48%
Lala Barina
48%
Yian Kut-Ku
48%
Akantor
47%
Velocidrome
47%
Zinogre stygien
47%
Agnaktor
46%
Anjanath tonnerre
45%
Arzuros
45%
Lunastra
45%
Seltas
45%
Arkveld
44%
Felyne
44%
Iodrome
44%
Lagiacrus Abyssal
44%
Magnamalo
44%
Velociprey
44%
Dire Miralis
42%
Pukei-Pukei
42%
Reine Seltas
42%
Tetsucabra
42%
Tobi-Kadachi
42%
Zamtrios
42%
Astalos
41%
Gogmazios
41%
Gypceros
41%
Kulve Taroth
41%
Leshen
41%
Fatalis pourpre
40%
Kulu-Ya-Ku
40%
Lagiacrus ivoire
40%
Malzeno
40%
Namielle
40%
Odogaron désastre
40%
Paolumu
40%
Qurupeco
40%
Rompopolo
40%
Tigrex magma
40%
Genprey
39%
Nergigante chaos
39%
Rathalos Gardien
39%
Rathian Reine-poison
39%
Basarios rubis
38%
Lavasioth
38%
Nerscylla
38%
Seregios
38%
Volvidon
38%
Dalamadur Shah
36%
Grand Izuchi
36%
Ioprey
36%
Konchu
36%
Najarala
36%
Popo
36%
Shara Ishvalda
36%
Xeno'jiiva
36%
Brachydios tempête
35%
Diablos Bain-de-sang
35%
Duramboros
35%
Grand Jagras
35%
Jagras
35%
Rey Dau
35%
Ceadeus
34%
Ceanataur
34%
Monoblos ivoire
34%
Monoblos ivoire
34%
Rathalos d’argent
34%
Rhenoplos
34%
Somnacanth
34%
Bazelgeuse
33%
Espinas
33%
Gendrome
33%
Melynx
33%
Velkhana
33%
Zamite
33%
Barroth de jade
32%
Dah'ren Mohran
32%
Fatalis ancien
32%
Kecha Wacha
32%
Narwa du tonnerre
32%
Odogaron Désastre Gardien
32%
Rajang orage
32%
Rathalos Roi-enfer
32%
Reine Seltas du désert
32%
Vaal Hazak
32%
Zorah Magdaros
32%
Bulldrome
31%
Cephadrome
31%
Khezu grenat
31%
Poogie
31%
Seltas du désert
31%
Ukanlos
31%
Vieux Leshen
31%
Arkveld Gardien
29%
Baggi
29%
Congalala émeraude
29%
Doshaguma
29%
Jin Dahaad
29%
Kushala Daora rouillé
29%
Lao-Shan Lung
29%
Maccao
29%
Pukei-Pukei corail
29%
Uth Duna
29%
Zoh Shia
29%
Bullfango
28%
Deviljho carnage
28%
Giggi
28%
Gigginox
28%
Girros
28%
Grand Baggi
28%
Ibushi du vent
28%
Malzeno primordial
28%
Valstrax écarlate
28%
Ajarakan
27%
Anjanath Tonnerre Gardien
27%
Bishaten
27%
Gobul
27%
Gore Magala du chaos
27%
Grand Girros
27%
Grand Maccao
27%
Nibelsnarf
27%
Beotodus
26%
Cephalos
26%
Jhen Mohran
26%
Nu Udra
26%
Tobi-Kadachi vipère
26%
Yian Garuga balafré
26%
Aptonoth
25%
Barioth crocgivre
25%
Chatacabra
25%
Dodogama
25%
Shagaru Magala éveillé
25%
Shakalaka
25%
Tzitzi-Ya-Ku
25%
Uroktor
25%
Bnahabra
24%
Ceadeus barbedor
22%
Doshaguma Gardien
22%
Glavenus Lame-chaos
22%
Yian Kut-Ku bleu
22%
Zinogre Feu-du-ciel
22%
Almudron
21%
Grand Wroggi
21%
Tigrex Griffe-sombre
21%
Wroggi
21%
Diablos supérieur
20%
Epona
20%
Nargacuga Vent-acier
20%
Radobaan
20%
Vespoid
20%
Yian Garuga Oeil-mort
20%
Anteka
19%
Chameleos éveillé
19%
Giadrome
19%
Gravios onyx
19%
Gypceros améthyste
19%
Kestodon
19%
Nakarkos
19%
Nerscylla spectrale
19%
Paolumu belladone
19%
Rathalos supérieur
19%
Seikret
19%
Zinogre supérieur
19%
Banbaro
18%
Giaprey
18%
Jyuratodus
18%
Kelbi
18%
Ludroth pourpre
18%
Mizutsune Perce-âme
18%
Mosswine
18%
Qurupeco vermillon
18%
Garangolm
16%
Najarala du déluge
16%
Oltura
16%
Rathian supérieure
16%
Yama Tsukami
16%
Aknosom
15%
Amatsu
15%
Hypnocatrice
15%
Kushala Daora éveillé
15%
Legiana Blizzard
15%
Nargacuga Sélénite
15%
Narwa la mère de tous
15%
Oroshi Kirin
15%
Plesioth émeraude
15%
Rakna-Kadaki
15%
Tetranadon
15%
Uragaan pastèque
15%
Valstrax écarlate éveillé
15%
Xu Wu
15%
Duramboros rouillé
14%
Espinas de feu
14%
Gastodon
14%
Hermitaur Daimyo prune
14%
Lunagaron
14%
Malfestio Lune-noire
14%
Remobra
14%
Seikret Gardien
14%
Teostra éveillé
14%
Agnaktor glacial
13%
Altaroth
13%
Apceros
13%
Arzuros supérieur
13%
Balahara
13%
Gammoth Givre-ancien
13%
Gargwa
13%
Hirabami
13%
Kecha Wacha blanc
13%
Magnamalo enragé
13%
Mizutsune mauve
13%
Mizutsune supérieur
13%
Volvidon de Noël
13%
Delex
12%
Gajau
12%
Goss Harag
12%
Uragaan citrouille
12%
Uragaan d'acier
12%
Almudron magma
11%
Astalos Prince-orage
11%
Ceratonoth
11%
Kranodath
11%
Roi Shakalaka
11%
Shen Gaoren
11%
Barroth EX
9%
Brachydios Evangelion
9%
Daimyo Hermitaur
9%
Hornetaur
9%
Uragaan Roi-cristal
9%
Agnaktor EX
8%
Bazelgeuse vulcan
8%
Blangonga cuivré
8%
Comaqchi
8%
Grand Foudrinsecte
8%
Lao-Shan Lung gris
8%
Bishaten sanguin
7%
Bulaqchi
7%
Gaismagorm
7%
Gajalaka
7%
Grand Poogie
7%
Lagombi Maître-neige
7%
Raphinos
7%
Shogun Ceanataur
7%
Slagtoth
7%
Somnacanth aurore
7%
Tetsucabra Brise-roc
7%
Wulg
7%
Bombadgy
6%
Canyne
6%
Gore Magala Evangelion
6%
Larinoth
6%
Makili Pietru
6%
Rakna-Kadaki de feu
6%
Tetsucabra Féroce
6%
Tigrex Sanrio
6%
Arzuros Crâne-ardent
5%
Barioth sables
5%
Cortos
5%
Epioth
5%
Jhen Mohran sacré
5%
Mernos
5%
Nargacuga opale
5%
Pyrantula
5%
Rachnoid
5%
Shamos
5%
Talioth
5%
Versa Pietru
5%
Wudwud
5%
Zinogre immortel
5%
Aptonoth EX
4%
Dalthydon
4%
Diablos doré
4%
Grimalkyne
4%
Hermitaur Poing-fer
4%
Moofah
4%
Noios
4%
Uragaan EX
4%
Apiposu
2%
Barnos
2%
Bébé Nerscylla
2%
Boaboa
2%
Boggi
2%
Ceanataur Shogun terre
2%
Deviljho colossal
2%
Duramboros explosif
2%
Gigginox foudroyant
2%
Grand Insecte dracophage
2%
Piragill
2%
Porkeplume
2%
Rajang Enma
2%
Rathalos ardent
2%
Seregios démoniaque
2%
Uroktor EX
2%
Agnaktor du Purgatoire
1%
Baunos
1%
Bnahabra remerciements
1%
Ceanataur Brise-os
1%
Felynes baril
1%
Gajios
1%
Gelidron
1%
Gigginox yoga
1%
Gowngoat
1%
Grand Apiposu
1%
Harpios
1%
Kirin empereur de la Foudre
1%
Kumashira
1%
Kurenai Goukami
1%
Lagiacrus conquête terrestre
1%
Mizutsune bulle de tonnerre
1%
Naco Agul
1%
Rafma
1%
Rathalos de la destruction
1%
Tigrex EX
1%
Uragaan gemme
1%
Barioth gelé
0%
Barroth remerciements
0%
Brachydios projection glaciale
0%
Dermaïos
0%
Diablos armure d'acier
0%
Eo Garudia
0%
Gigginox virulent
0%
Gilkuza
0%
Gobul Sorcière
0%
Goruru
0%
Grand Goruru
0%
Lagombi sorcière
0%
Metaru
0%
Mordomunth
0%
Myo Galuna
0%
Nargacuga des marées
0%
Nefu Garumudo
0%
Plesioth dorade
0%
Plesioth torrent
0%
Rathian sécheresse
0%
Tigrex Unité-02
0%
Uragaan putride
0%
Volvidon étoile noire
0%
Zinogre FFBE
0%
Aucun quiz correspondant
Distribution des résultats
% des personnes avec chaque résultat
Percentile par nombre de réponses
Votre historique - résultats
Vous n’avez pas pris ce quiz